[Event "Pere Noel"]
[Site "Montreal CAN"]
[Date "2015.12.26"]
[Round "1.3"]
[White "Hebert, Jean"]
[Black "Gauthier, Denis"]
[Result "1/2-1/2"]
[WhiteElo "2420"]
[BlackElo "1959"]
[PlyCount "78"]
[GameId "2160767908790502"]
[EventDate "2015.12.26"]
[EventType "swiss"]
[EventRounds "5"]
[EventCountry "CAN"]
[SourceTitle "hb 2015"]

1. Nf3 Nf6 2. c4 e6 3. d4 Bb4+ 4. Nbd2 b6 5. a3 Bxd2+ 6. Bxd2 Bb7 7. g3 d6 8. Bg2 Nbd7 9. O-O O-O 10. b4 Qe7 11. Qc2 c5 12. Rac1 Rac8 13. dxc5 bxc5 14. b5 d5 15. cxd5 exd5 16. Rfe1 Rfe8 17. Bh3 Rcd8 18. Bg5 d4 19. Nh4 Be4 20. Qd2 h6 21. Bxd7 Rxd7 22. Bxf6 Qxf6 23. Rxc5 Qe6 24. f3 Bh7 25. Ng2 Qb3 26. Qc1 Rde7 27. e4 Qxf3 28. Qf4 Qxa3 29. Rd5 Qc3 30. Qd6 Rxe4 31. Rf1 R4e6 32. Qd7 Bg6 33. Rxd4 Qc5 34. Nf4 R6e7 35. Qd5 Qxd5 36. Nxd5 Re4 37. Rxe4 Rxe4 38. Ra1 Re5 39. Nf4 Rxb5 1/2-1/2

[Event "Pere Noel"]
[Site "Montreal CAN"]
[Date "2015.12.27"]
[Round "2.9"]
[White "Gueorguiev, Valentin"]
[Black "Hebert, Jean"]
[Result "1-0"]
[WhiteElo "1942"]
[BlackElo "2420"]
[PlyCount "177"]
[GameId "2160767908790526"]
[EventDate "2015.12.26"]
[EventType "swiss"]
[EventRounds "5"]
[EventCountry "CAN"]
[SourceTitle "hb 2015"]

1. d4 Nf6 2. Nf3 c5 3. e3 e6 4. b3 b6 5. Bb2 Bb7 6. Bd3 cxd4 7. exd4 Be7 8. O-O O-O 9. Nbd2 Re8 10. Re1 d6 11. Nf1 Nbd7 12. Ng3 Bf8 13. c4 Qc7 14. Rc1 g6 15. Ne4 Bg7 16. Qd2 Rad8 17. Qg5 h6 18. Qg3 Bxe4 19. Bxe4 Nh5 20. Qh3 f5 21. Bb1 Nhf6 22. Qg3 g5 23. Nd2 Nf8 24. Qd3 Nh5 25. Nf1 Nf4 26. Qd2 Qb7 27. Ne3 d5 28. c5 bxc5 29. Rxc5 Nd7 30. Rcc1 Nf6 31. f3 Bf8 32. g3 Ng6 33. Ng4 Nd7 34. Re2 Bg7 35. Rce1 Ndf8 36. Nf2 Qf7 37. Nd3 Rc8 38. Nf2 Nd7 39. Qd3 Nf6 40. Qa6 Nf8 41. Nd3 N6d7 42. Nf2 Nb8 43. Qb5 Nc6 44. Qd3 Bf6 45. Qd2 Qg7 46. Bxf5 Bxd4 47. Rxe6 Rxe6 48. Bxe6+ Nxe6 49. Rxe6 Bxb2 50. Rxc6 Rxc6 51. Qxd5+ Kh7 52. Qxc6 Bd4 53. Qe4+ Kh8 54. Kg2 Bxf2 55. Kxf2 Qb2+ 56. Qe2 Qd4+ 57. Kg2 Qc5 58. g4 Kg7 59. Qd2 a5 60. Qb2+ Kg6 61. a3 Qd5 62. Qc2+ Kg7 63. b4 axb4 64. axb4 Qe5 65. Qd2 Kf6 66. h4 Kg7 67. hxg5 hxg5 68. Qc2 Kh6 69. Qc6+ Kg7 70. Qd7+ Kh6 71. Qd2 Kg6 72. Qd3+ Kh6 73. b5 Qb2+ 74. Kf1 Qc1+ 75. Ke2 Qb2+ 76. Kd1 Qb4 77. Kc2 Qc5+ 78. Kb3 Qg1 79. Kc4 Qc1+ 80. Kd5 Qc7 81. Qf5 Qd8+ 82. Kc6 Qe8+ 83. Qd7 Qe3 84. b6 Qc3+ 85. Kb7 Qb3 86. Qc6+ Kg7 87. Kc7 Qf7+ 88. Qd7 Kh6 89. b7 1-0

[Event "Varennes op"]
[Site "Varennes CAN"]
[Date "2015.11.07"]
[Round "1.4"]
[White "Hebert, Jean"]
[Black "Giroux, Robert"]
[Result "1-0"]
[WhiteElo "2415"]
[BlackElo "2015"]
[PlyCount "115"]
[GameId "2160767908794998"]
[EventDate "2015.11.07"]
[EventType "swiss"]
[EventRounds "5"]
[EventCountry "CAN"]
[SourceTitle "hb 2015"]

1. d4 Nf6 2. c4 e6 3. Nf3 Bb4+ 4. Nbd2 O-O 5. g3 b6 6. Bg2 Bb7 7. a3 Be7 8. O-O d5 9. b3 c5 10. e3 Nbd7 11. Bb2 Rc8 12. Rc1 Rc7 13. Qe2 Qa8 14. dxc5 bxc5 15. Rfd1 Re8 16. Ne5 Bf8 17. f4 dxc4 18. Ndxc4 Bxg2 19. Qxg2 Qxg2+ 20. Kxg2 Nb6 21. Na5 Rec8 22. Kf3 Nfd7 23. Nec4 Nxc4 24. Nxc4 f6 25. Bc3 Nb8 26. Na5 Kf7 27. Rd3 Be7 28. g4 Rd8 29. Rcd1 Ke8 30. f5 Rxd3 31. Rxd3 exf5 32. gxf5 Rd7 33. Ke2 Bd8 34. Nc4 Bc7 35. h3 Nc6 36. e4 Rxd3 37. Kxd3 Kd7 38. Bd2 Ne5+ 39. Nxe5+ Bxe5 40. Kc4 Kc6 41. Be3 Bd6 42. Bf2 a6 43. Be3 a5 44. Bd2 Bc7 45. Bc3 Bd8 46. e5 fxe5 47. Bxe5 Bf6 48. Bxf6 gxf6 49. h4 Kd6 50. Kb5 Ke5 51. Kxc5 Kxf5 52. b4 axb4 53. axb4 Kg4 54. b5 f5 55. b6 f4 56. b7 Kxh4 57. b8=Q Kg4 58. Kd4 1-0

[Event "Varennes op"]
[Site "Varennes CAN"]
[Date "2015.11.08"]
[Round "2.4"]
[White "Bolduc, Steve"]
[Black "Hebert, Jean"]
[Result "1/2-1/2"]
[WhiteElo "2310"]
[BlackElo "2415"]
[PlyCount "119"]
[GameId "2160767908795006"]
[EventDate "2015.11.07"]
[EventType "swiss"]
[EventRounds "5"]
[EventCountry "CAN"]
[SourceTitle "hb 2015"]

1. d4 Nf6 2. c4 g6 3. Nc3 Bg7 4. e4 d6 5. Be2 O-O 6. Nf3 Na6 7. O-O e5 8. Re1 c6 9. Rb1 Bg4 10. Be3 Qe7 11. h3 Bxf3 12. Bxf3 exd4 13. Bxd4 Rfd8 14. Qe2 Nc7 15. Rbd1 c5 16. Be3 Rab8 17. g3 a6 18. a4 Nd7 19. Bg2 Ne5 20. Nd5 Nxd5 21. cxd5 c4 22. Bb6 Re8 23. Rf1 Qd7 24. f4 Nd3 25. b3 f5 26. bxc4 fxe4 27. a5 Rbc8 28. Bxe4 Nb2 29. Rc1 Qxh3 30. Bf2 Na4 31. Qf3 Nc5 32. Bc2 Nd7 33. Bd3 Nc5 34. Bc2 Rf8 35. Qg2 Qd7 36. Rfe1 Rf7 37. Re2 Na4 38. Bb3 Nc5 39. Bc2 Re8 40. Rce1 Rxe2 41. Rxe2 Qc7 42. Re8+ Rf8 43. Rxf8+ Bxf8 44. Kh2 Qxa5 45. Bxc5 Qxc5 46. Qe2 Qc8 47. f5 gxf5 48. Qh5 Qc7 49. Bxf5 Kh8 50. Qe8 Qe7 51. Qc8 a5 52. Bd7 b6 53. Bb5 Kg7 54. Qg4+ Kh8 55. Qc8 Qe2+ 56. Kh3 Qf1+ 57. Kg4 Qe2+ 58. Kh3 Kg7 59. Qc7+ Be7 60. Qxb6 1/2-1/2

[Event "Varennes op"]
[Site "Varennes CAN"]
[Date "2015.11.08"]
[Round "3.4"]
[White "Hebert, Jean"]
[Black "Chabot, Roland"]
[Result "1-0"]
[WhiteElo "2415"]
[BlackElo "2185"]
[PlyCount "119"]
[GameId "2160767908795016"]
[EventDate "2015.11.07"]
[EventType "swiss"]
[EventRounds "5"]
[EventCountry "CAN"]
[SourceTitle "hb 2015"]

1. Nf3 Nf6 2. c4 d6 3. d4 Nbd7 4. Nc3 e5 5. e4 Be7 6. Be2 O-O 7. O-O c6 8. Re1 a6 9. Rb1 b5 10. b4 Bb7 11. a4 bxa4 12. d5 cxd5 13. exd5 Nb6 14. Nxa4 Nxa4 15. Qxa4 Ne4 16. Qc2 Nf6 17. Nd2 Qc7 18. Qa2 Bc8 19. Bd3 Rb8 20. Qa3 Bd8 21. Nb3 h6 22. h3 Re8 23. Be3 Be7 24. Na5 Bd7 25. Rec1 Bd8 26. Bc2 Qc8 27. Kh2 Bb6 28. Bxb6 Rxb6 29. Qe3 Qb8 30. Qd2 Rd8 31. Re1 Re8 32. Bd3 Qc7 33. Rec1 e4 34. Be2 Re5 35. Rc3 Rg5 36. f4 exf3 37. Bxf3 Rb8 38. Re3 Re8 39. Rxe8+ Bxe8 40. Re1 Kf8 41. Kh1 Nd7 42. Nc6 Nb8 43. b5 axb5 44. cxb5 Nd7 45. Qb4 Nb6 46. Qd4 Nc8 47. h4 Rg6 48. h5 Rg5 49. Qd3 f5 50. Nd4 Bd7 51. Ne6+ Bxe6 52. dxe6 Ke7 53. Qd4 Qb6 54. Qb2 Na7 55. Ra1 Nxb5 56. Ra8 Qe3 57. Qxb5 Qe1+ 58. Kh2 Qg3+ 59. Kg1 Qxf3 60. Re8+ 1-0

[Event "Varennes op"]
[Site "Varennes CAN"]
[Date "2015.11.08"]
[Round "4.2"]
[White "Yu, Zong Yang"]
[Black "Hebert, Jean"]
[Result "1/2-1/2"]
[WhiteElo "2376"]
[BlackElo "2415"]
[PlyCount "60"]
[GameId "2160767908795024"]
[EventDate "2015.11.07"]
[EventType "swiss"]
[EventRounds "5"]
[EventCountry "CAN"]
[SourceTitle "hb 2015"]

1. d4 d5 2. c4 dxc4 3. Nf3 Nf6 4. g3 e6 5. Bg2 Be7 6. O-O O-O 7. Qc2 a6 8. Qxc4 b5 9. Qc2 Bb7 10. Bd2 Be4 11. Qc1 b4 12. Bg5 Nbd7 13. Nbd2 Bd5 14. Nb3 c5 15. Nxc5 Nxc5 16. dxc5 Rc8 17. Be3 Qa5 18. Nd2 Qb5 19. Bf3 Bxc5 20. Nb3 Be7 21. Qb1 Rfd8 22. Rc1 a5 23. Nd4 Qa6 24. Rxc8 Rxc8 25. Qd1 a4 26. Rc1 Rxc1 27. Qxc1 Bxf3 28. exf3 Nd5 29. Qc6 Qxc6 30. Nxc6 Bd6 1/2-1/2

[Event "Varennes op"]
[Site "Varennes CAN"]
[Date "2015.11.08"]
[Round "5.1"]
[White "Hebert, Jean"]
[Black "Sambuev, Bator"]
[Result "1/2-1/2"]
[WhiteElo "2415"]
[BlackElo "2554"]
[PlyCount "116"]
[GameId "2160767908795033"]
[EventDate "2015.11.07"]
[EventType "swiss"]
[EventRounds "5"]
[EventCountry "CAN"]
[SourceTitle "hb 2015"]

1. Nf3 d5 2. d4 c5 3. e3 Nc6 4. dxc5 e6 5. c4 Bxc5 6. a3 Nf6 7. b4 Bb6 8. Bb2 O-O 9. Nbd2 Qe7 10. Qc2 Rd8 11. Bd3 d4 12. exd4 Nxd4 13. Nxd4 Bxd4 14. Bxd4 Rxd4 15. Nf3 Rd8 16. O-O b6 17. Rfe1 Bb7 18. Ne5 Rac8 19. Rad1 g6 20. Bf1 Nd7 21. Nxd7 Rxd7 22. Rxd7 Qxd7 23. Rd1 Qc7 24. h3 Bd5 25. Qa4 Bxc4 26. Bxc4 Qxc4 27. Qxa7 Qe2 28. Rf1 b5 29. a4 bxa4 30. Qxa4 Qb2 31. Qb5 Rc2 32. h4 h5 33. g3 Qd4 34. Qb7 Kg7 35. b5 Rb2 36. Qc6 Rb3 37. Kh2 e5 38. Kg2 e4 39. b6 Rxb6 40. Qc1 Rb2 41. Qf4 Qd5 42. Rd1 Qxd1 43. Qe5+ Kf8 44. Qxb2 Qd5 45. Qa3+ Ke8 46. Qe3 f6 47. Kh2 Kf7 48. Qh6 Qf5 49. Kg1 Ke6 50. Qh7 e3 51. fxe3 Qb1+ 52. Kf2 Qc2+ 53. Kf3 Qd1+ 54. Kf2 Qd2+ 55. Kf3 Qd5+ 56. e4 Qd1+ 57. Ke3 Qe1+ 58. Kf3 Qf1+ 1/2-1/2

[Event "Choc des Generations"]
[Site "Montreal CAN"]
[Date "2015.06.26"]
[Round "1"]
[White "Hebert, Jean"]
[Black "Chiku-Ratte, Olivier-Kenta"]
[Result "0-1"]
[WhiteElo "2376"]
[BlackElo "2125"]
[PlyCount "70"]
[GameId "2160767908913094"]
[EventDate "2015.06.26"]
[EventType "schev"]
[EventRounds "5"]
[EventCountry "CAN"]
[SourceTitle "EXT 2019"]
[Source "ChessBase"]
[SourceDate "2018.10.10"]
[SourceVersion "1"]
[SourceVersionDate "2018.10.10"]
[SourceQuality "1"]

1. d4 Nf6 2. c4 c5 3. d5 e6 4. Nc3 exd5 5. cxd5 d6 6. Nf3 g6 7. g3 Bg7 8. Bg2 O-O 9. O-O a6 10. a4 Re8 11. Nd2 Nbd7 12. a5 Rb8 13. Qc2 Nh5 14. Nc4 Ne5 15. Nb6 f5 16. e4 Qf6 17. Nxc8 Rbxc8 18. exf5 Qxf5 19. Qxf5 gxf5 20. Rd1 Nf6 21. Ra4 c4 22. Rb4 Nd3 23. Rxb7 Ng4 24. h3 Ngxf2 25. Rf1 Bd4 26. Kh2 Rb8 27. Rxb8 Rxb8 28. Ne2 Bxb2 29. Be3 Re8 30. Nd4 Rxe3 31. Nxf5 Re2 32. Nxd6 c3 33. Bf3 Re3 34. Kg2 c2 35. Nc4 Ne1+ 0-1

[Event "Choc des Generations"]
[Site "Montreal CAN"]
[Date "2015.06.27"]
[Round "2"]
[White "Kraiouchkine, Nikita"]
[Black "Hebert, Jean"]
[Result "0-1"]
[WhiteElo "2257"]
[BlackElo "2376"]
[PlyCount "66"]
[GameId "2160767908913100"]
[EventDate "2015.06.26"]
[EventType "schev"]
[EventRounds "5"]
[EventCountry "CAN"]
[SourceTitle "EXT 2019"]
[Source "ChessBase"]
[SourceDate "2018.10.10"]
[SourceVersion "1"]
[SourceVersionDate "2018.10.10"]
[SourceQuality "1"]

1. e4 e6 2. d4 d5 3. Nc3 Bb4 4. exd5 exd5 5. Bd3 Ne7 6. Nge2 O-O 7. a3 Bd6 8. Ng3 Nbc6 9. Nce2 Ng6 10. O-O f5 11. f4 Nce7 12. b3 a5 13. Bb2 c6 14. c4 Kh8 15. c5 Bc7 16. Qc2 Be6 17. b4 b5 18. cxb6 Bxb6 19. bxa5 Bxa5 20. a4 Bb4 21. Nc1 Qd6 22. Nge2 Ng8 23. Bc3 Bxc3 24. Qxc3 Nf6 25. Nb3 Ne4 26. Bxe4 fxe4 27. g3 Bg4 28. Nec1 Rae8 29. Re1 Bf3 30. Re3 Nxf4 31. gxf4 Qg6+ 32. Kf1 Qg2+ 33. Ke1 Qg1+ 0-1

[Event "Choc des Generations"]
[Site "Montreal CAN"]
[Date "2015.06.27"]
[Round "3"]
[White "Zhu, Hong Rui"]
[Black "Hebert, Jean"]
[Result "1/2-1/2"]
[WhiteElo "2224"]
[BlackElo "2376"]
[PlyCount "85"]
[GameId "2160767908913108"]
[EventDate "2015.06.26"]
[EventType "schev"]
[EventRounds "5"]
[EventCountry "CAN"]
[SourceTitle "EXT 2019"]
[Source "ChessBase"]
[SourceDate "2018.10.10"]
[SourceVersion "1"]
[SourceVersionDate "2018.10.10"]
[SourceQuality "1"]

1. e4 e6 2. d4 d5 3. Nd2 Nf6 4. e5 Nfd7 5. f4 c5 6. Ngf3 Nc6 7. Nb3 cxd4 8. Nbxd4 Be7 9. c3 Nc5 10. Be3 O-O 11. Be2 Bd7 12. O-O Nxd4 13. Nxd4 f6 14. exf6 Bxf6 15. Bf3 Kh8 16. Nb3 Na4 17. Rf2 Rc8 18. g3 b6 19. Bd4 Nc5 20. Qe2 Bxd4 21. Nxd4 Qf6 22. Qe3 Rfe8 23. Re1 h6 24. Rd2 Nb7 25. Qe5 Qxe5 26. Rxe5 Nc5 27. Bh5 Rf8 28. Bg6 Rf6 29. Bc2 a5 30. Rde2 g6 31. R2e3 Kg7 32. h4 b5 33. a3 a4 34. Bd3 Rb8 35. Kg2 Rb6 36. Bc2 Rb8 37. Re2 Rb6 38. Nf3 Rb7 39. Kh3 Rc7 40. Nd4 Rb7 41. Kg2 Rb6 42. Kf3 Rb8 43. Kg2 1/2-1/2

[Event "Choc des Generations"]
[Site "Montreal CAN"]
[Date "2015.06.28"]
[Round "4"]
[White "Hebert, Jean"]
[Black "Lepine, Cedric"]
[Result "1-0"]
[WhiteElo "2376"]
[BlackElo "2069"]
[PlyCount "87"]
[GameId "2160767908913111"]
[EventDate "2015.06.26"]
[EventType "schev"]
[EventRounds "5"]
[EventCountry "CAN"]
[SourceTitle "hb 2015"]

1. c4 c6 2. e4 d5 3. cxd5 cxd5 4. exd5 Nf6 5. Nc3 Nxd5 6. Nf3 e6 7. d4 Be7 8. Bd3 O-O 9. O-O Nc6 10. Re1 f5 11. Bc4 Bf6 12. Bxd5 exd5 13. Bf4 g5 14. Be5 g4 15. Bxf6 Qxf6 16. Ne5 Be6 17. Qd2 f4 18. Na4 f3 19. Nc5 Bf5 20. Nxb7 Rac8 21. Nxc6 Rxc6 22. Nc5 Qh4 23. Qf4 Rcf6 24. Qg3 Qg5 25. Re3 fxg2 26. Qe5 Qh4 27. Qg3 Qg5 28. Qxg2 Bg6 29. Ne6 Rxe6 30. Rxe6 Qf4 31. Rxg6+ hxg6 32. Qxd5+ Kh7 33. Rf1 Rf5 34. Qg2 Qxd4 35. b3 a5 36. Rc1 Qd2 37. Rc7+ Kh6 38. Qf1 Re5 39. Rc1 Qxa2 40. Qd3 Qe2 41. Qd4 Rf5 42. Rc8 Qf3 43. Rh8+ Kg5 44. h4+ 1-0

[Event "Choc des Generations"]
[Site "Montreal CAN"]
[Date "2015.06.28"]
[Round "5"]
[White "Yu, Zong Yang"]
[Black "Hebert, Jean"]
[Result "1-0"]
[WhiteElo "2177"]
[BlackElo "2376"]
[PlyCount "101"]
[GameId "2160767908913117"]
[EventDate "2015.06.26"]
[EventType "schev"]
[EventRounds "5"]
[EventCountry "CAN"]
[SourceTitle "hb 2015"]

1. d4 Nf6 2. c4 e6 3. Nf3 b6 4. g3 Ba6 5. b3 c6 6. Bg2 Bb4+ 7. Bd2 Be7 8. Bc3 d5 9. Nbd2 Nbd7 10. O-O O-O 11. Re1 Rc8 12. e4 Bb7 13. Qe2 Nxe4 14. Nxe4 dxe4 15. Qxe4 Qc7 16. Qc2 Rfe8 17. Rad1 Rcd8 18. Bd2 h6 19. b4 Nf6 20. c5 Nd5 21. Ne5 Bf8 22. Bf1 b5 23. a4 a6 24. Rb1 Ra8 25. Rec1 Red8 26. Bd3 Nf6 27. Be3 Rd5 28. axb5 axb5 29. Ra1 Rdd8 30. Qd2 Nd5 31. Bc2 Ne7 32. Qd3 g6 33. Bf4 Qc8 34. g4 Bg7 35. Qf3 Rxd4 36. Bg3 Qe8 37. Rxa8 Bxa8 38. Ra1 Rd8 39. Ra7 f6 40. Qb3 Rd5 41. Qa2 fxe5 42. Rxa8 Nc8 43. Bb3 Rd8 44. Bxe6+ Kh7 45. Bf7 Qf8 46. Qe6 Ne7 47. Ra7 Rd1+ 48. Kg2 Nd5 49. Bxg6+ Kh8 50. Rf7 Qg8 51. Bxe5 1-0

[Event "Outaouais op (TORO)"]
[Site "Gatineau CAN"]
[Date "2015.06.05"]
[Round "1"]
[White "Hebert, Jean"]
[Black "Yao, Sammy"]
[Result "1-0"]
[WhiteElo "2476"]
[BlackElo "2165"]
[PlyCount "89"]
[GameId "2160767908917454"]
[EventDate "2015.06.05"]
[EventType "swiss"]
[EventRounds "5"]
[EventCountry "CAN"]
[SourceTitle "EXT 2019"]
[Source "ChessBase"]
[SourceDate "2018.10.10"]
[SourceVersion "1"]
[SourceVersionDate "2018.10.10"]
[SourceQuality "1"]

1. Nf3 g6 2. d4 Bg7 3. e4 d6 4. Nc3 a6 5. Be3 Nd7 6. a4 e6 7. Qd2 b6 8. h4 h6 9. h5 g5 10. d5 e5 11. Nh2 Ngf6 12. g4 Nc5 13. f3 Bd7 14. b4 Nb7 15. a5 b5 16. Rd1 Qe7 17. Ne2 Rc8 18. Ng3 c6 19. c4 cxd5 20. cxd5 Nh7 21. Bd3 O-O 22. Kf2 Bf6 23. Bb6 Rfe8 24. Rhe1 Qf8 25. Nhf1 Bd8 26. Qe3 Qe7 27. Rc1 Nf6 28. Be2 Kh7 29. Bxd8 Qxd8 30. Qa7 Nxa5 31. Rxc8 Qxc8 32. bxa5 Qc3 33. Qb6 Qc5+ 34. Qxc5 dxc5 35. Ne3 c4 36. Nc2 Bc8 37. Nb4 Nd7 38. Rc1 Nc5 39. Bxc4 bxc4 40. Rxc4 Nb3 41. Rc7 Kg7 42. Nc6 Kf8 43. d6 Nc5 44. Ne7 Nd3+ 45. Ke3 1-0

[Event "Outaouais op (TORO)"]
[Site "Gatineau CAN"]
[Date "2015.06.06"]
[Round "2"]
[White "Valdizon, Armando"]
[Black "Hebert, Jean"]
[Result "0-1"]
[WhiteElo "2223"]
[BlackElo "2476"]
[PlyCount "88"]
[GameId "2160767908917468"]
[EventDate "2015.06.05"]
[EventType "swiss"]
[EventRounds "5"]
[EventCountry "CAN"]
[SourceTitle "EXT 2019"]
[Source "ChessBase"]
[SourceDate "2018.10.10"]
[SourceVersion "1"]
[SourceVersionDate "2018.10.10"]
[SourceQuality "1"]

1. d4 Nf6 2. c4 e6 3. Nf3 c5 4. g3 cxd4 5. Nxd4 d5 6. Nc2 Nc6 7. cxd5 exd5 8. Bg2 Be7 9. O-O O-O 10. b3 Be6 11. Bb2 Qd7 12. Nc3 Rad8 13. Nd4 Rfe8 14. Rc1 Bg4 15. Nxc6 bxc6 16. Na4 Qe6 17. f3 Bf5 18. Qd2 Rc8 19. Rfe1 Nd7 20. e4 dxe4 21. fxe4 Bg4 22. e5 Red8 23. Qa5 Bg5 24. Rc2 Bf5 25. Rf2 h5 26. Qxa7 h4 27. Qa5 hxg3 28. hxg3 Be7 29. Bf1 Qg6 30. Qc3 Nf8 31. Qf3 Bg4 32. Qh1 Ne6 33. Rh2 f5 34. exf6 Bxf6 35. Bc4 Bxb2 36. Nxb2 Bf5 37. Qf3 Rd5 38. Rf2 Rcd8 39. Bxd5 Rxd5 40. Rfe2 Bg4 41. Rxe6 Bxe6 42. Qe3 Bf7 43. Re2 Qb1+ 44. Kg2 Rh5 0-1

[Event "Outaouais op (TORO)"]
[Site "Gatineau CAN"]
[Date "2015.06.06"]
[Round "3"]
[White "Hebert, Jean"]
[Black "Hambleton, Aman"]
[Result "1/2-1/2"]
[WhiteElo "2476"]
[BlackElo "2606"]
[PlyCount "94"]
[GameId "2160767908917477"]
[EventDate "2015.06.05"]
[EventType "swiss"]
[EventRounds "5"]
[EventCountry "CAN"]
[SourceTitle "EXT 2019"]
[Source "ChessBase"]
[SourceDate "2018.10.10"]
[SourceVersion "1"]
[SourceVersionDate "2018.10.10"]
[SourceQuality "1"]

1. Nf3 Nf6 2. c4 c5 3. Nc3 b6 4. g3 Bb7 5. Bg2 e6 6. O-O a6 7. Re1 d6 8. e4 Be7 9. d4 cxd4 10. Nxd4 Qc7 11. Be3 O-O 12. Rc1 Nbd7 13. b3 Rfe8 14. f3 Rac8 15. g4 g6 16. Qd2 Qb8 17. Bf2 Ne5 18. h3 Bf8 19. Bg3 Ned7 20. Rcd1 Rcd8 21. Nc2 Ne5 22. f4 Ned7 23. Qe2 e5 24. f5 Bh6 25. Nb4 Bf4 26. Bf2 g5 27. Qd3 Nc5 28. Qf3 b5 29. cxb5 axb5 30. Ncd5 Ncd7 31. Bf1 Kg7 32. Nc3 Nc5 33. Ncd5 Ncd7 34. Qe2 Bxd5 35. Nxd5 b4 36. Qb2 Nxd5 37. Rxd5 Nf6 38. Rb5 Qa8 39. Rxb4 d5 40. Ra4 Qb8 41. exd5 Rxd5 42. Rc4 Rd2 43. Rc2 Red8 44. Re2 Rd1 45. Re1 R1d2 46. Re2 Rd1 47. Re1 R1d2 1/2-1/2

[Event "Outaouais op (TORO)"]
[Site "Gatineau CAN"]
[Date "2015.06.07"]
[Round "4"]
[White "Qin, Zi Yi (Joey)"]
[Black "Hebert, Jean"]
[Result "1/2-1/2"]
[WhiteElo "2440"]
[BlackElo "2476"]
[PlyCount "175"]
[GameId "2160767908917489"]
[EventDate "2015.06.05"]
[EventType "swiss"]
[EventRounds "5"]
[EventCountry "CAN"]

1. e4 e6 2. d4 d5 3. Nd2 Nf6 4. e5 Nfd7 5. Bd3 c5 6. c3 b6 7. Nh3 Ba6 8. Bxa6 Nxa6 9. O-O Nc7 10. Qg4 g6 11. Nf3 h6 12. Nf4 Qe7 13. h4 O-O-O 14. b3 Kb7 15. a4 cxd4 16. cxd4 Nb8 17. Nd3 Nc6 18. Ba3 Qd7 19. b4 Ne7 20. b5 Nf5 21. Rfc1 Rc8 22. Bxf8 Rhxf8 23. Qf4 Na8 24. Nb4 Rxc1+ 25. Rxc1 h5 26. g3 Rc8 27. Rc6 Nc7 28. Qc1 Ne8 29. Qf4 Rc7 30. Ng5 Kc8 31. Qd2 a5 32. Rxc7+ Nxc7 33. Nc6 Qe8 34. Nh7 Kb7 35. Nf6 Qc8 36. Qc3 Ne8 37. Nxe8 Qxe8 38. Qa3 Qc8 39. Kh2 Qe8 40. f3 Qg8 41. Qc1 Qc8 42. Qg5 Qf8 43. Qf6 Kc7 44. Kh3 Nh6 45. Qg5 Kd7 46. Kh2 Nf5 47. Qc1 Qc8 48. Qa3 Qg8 49. Qc1 Qf8 50. Qg5 Kc7 51. g4 hxg4 52. fxg4 Nh6 53. Qf4 Qa3 54. Qxh6 Qb2+ 55. Kg3 Qc3+ 56. Kf2 Qc2+ 57. Ke1 Qb1+ 58. Ke2 Qa2+ 59. Qd2 Qxa4 60. Qb2 Qc4+ 61. Kf2 a4 62. Qb4 Qc2+ 63. Ke3 Qc1+ 64. Kd3 Qd1+ 65. Kc3 Qc1+ 66. Kd3 Qd1+ 67. Ke3 Qc1+ 68. Ke2 Qc2+ 69. Qd2 Qe4+ 70. Qe3 Qb1 71. Qd3 Qb2+ 72. Kd1 Kd7 73. Qc2 Qxb5 74. Nb8+ Kd8 75. Qc3 Qf1+ 76. Kc2 Qe2+ 77. Kb1 Qxg4 78. Na6 Kd7 79. Nb4 Qd1+ 80. Kb2 Ke7 81. Nc2 Kf8 82. Qb4+ Kg7 83. Qxb6 Qe2 84. Qb4 Qf2 85. Qe7 Qf3 86. Qb4 Qf2 87. Qe7 Qf3 88. Qb4 1/2-1/2

[Event "Outaouais op (TORO)"]
[Site "Gatineau CAN"]
[Date "2015.06.07"]
[Round "5"]
[White "Hebert, Jean"]
[Black "Wan, Kevin"]
[Result "1/2-1/2"]
[WhiteElo "2476"]
[BlackElo "2266"]
[PlyCount "75"]
[GameId "2160767908917498"]
[EventDate "2015.06.05"]
[EventType "swiss"]
[EventRounds "5"]
[EventCountry "CAN"]
[SourceTitle "EXT 2019"]
[Source "ChessBase"]
[SourceDate "2018.10.10"]
[SourceVersion "1"]
[SourceVersionDate "2018.10.10"]
[SourceQuality "1"]

1. c4 e6 2. d4 Nf6 3. Nc3 d5 4. Bg5 Nbd7 5. cxd5 exd5 6. e3 Be7 7. Bd3 c6 8. Qc2 O-O 9. Nf3 Re8 10. O-O h6 11. Bf4 Nf8 12. h3 Ne6 13. Be5 b6 14. Rad1 Bb7 15. a3 Rc8 16. Rfe1 Bd6 17. Bf5 Bxe5 18. dxe5 Nd7 19. e4 Qc7 20. exd5 cxd5 21. Qd2 d4 22. Nb5 Qc5 23. Nbxd4 Ndf8 24. Rc1 Qe7 25. Rxc8 Rxc8 26. Be4 Rd8 27. Qe3 Bxe4 28. Qxe4 Qd7 29. Nf5 Ng6 30. Ne3 Nc5 31. Qc4 Qe7 32. Nd5 Qe6 33. Ne3 Nxe5 34. Nxe5 Qxe5 35. b4 Ne6 36. Rc1 a5 37. Rb1 b5 38. Qe2 1/2-1/2

[Event "Sherbrooke op"]
[Site "Sherbrooke CAN"]
[Date "2015.05.16"]
[Round "3"]
[White "Hebert, Jean"]
[Black "Chiku-Ratte, Olivier-Kenta"]
[Result "1/2-1/2"]
[WhiteElo "2436"]
[BlackElo "2247"]
[PlyCount "100"]
[GameId "2160767908934277"]
[EventDate "2015.05.15"]
[EventType "swiss"]
[EventRounds "5"]
[EventCountry "CAN"]

1. Nf3 c5 2. c4 Nf6 3. Nc3 e6 4. g3 b6 5. Bg2 Bb7 6. O-O Be7 7. Re1 Ne4 8. Qc2 Nxc3 9. dxc3 d6 10. e4 Qc7 11. h4 Nd7 12. h5 O-O 13. Nh2 a6 14. a4 Bc6 15. h6 g6 16. Ng4 Ne5 17. Ne3 f5 18. f4 Nf7 19. exf5 gxf5 20. Bxc6 Qxc6 21. Qg2 Qxg2+ 22. Nxg2 Nd8 23. Ne3 Kf7 24. Kg2 Nc6 25. Bd2 Rg8 26. Rh1 Rg6 27. Rh3 Bf8 28. Rah1 Rb8 29. b4 cxb4 30. cxb4 a5 31. b5 Nd4 32. Kf2 Nb3 33. Bc3 Nc5 34. Bd4 Nxa4 35. Kf3 Be7 36. Ra1 Nc5 37. Bxc5 dxc5 38. g4 fxg4+ 39. Nxg4 Bd6 40. Rd1 Ke7 41. Rh2 Rf8 42. Rxd6 Kxd6 43. Ne5 Rgf6 44. Rd2+ Kc7 45. Rd7+ Kc8 46. Rxh7 Rxf4+ 47. Ke3 R4f5 48. Ng6 R8f6 49. Ne7+ Kb8 50. Nc6+ Kc8 1/2-1/2

[Event "Sherbrooke op"]
[Site "Sherbrooke CAN"]
[Date "2015.05.17"]
[Round "4"]
[White "Larochelle, Martial"]
[Black "Hebert, Jean"]
[Result "1/2-1/2"]
[WhiteElo "2144"]
[BlackElo "2436"]
[PlyCount "70"]
[GameId "2160767908934278"]
[EventDate "2015.05.15"]
[EventType "swiss"]
[EventRounds "5"]
[EventCountry "CAN"]

1. d4 Nf6 2. c4 e6 3. Nc3 Bb4 4. e3 O-O 5. Nge2 c6 6. a3 Ba5 7. Bd2 d5 8. Ng3 Nbd7 9. cxd5 exd5 10. Bd3 Re8 11. O-O Nf8 12. Nh5 Bc7 13. Nxf6+ Qxf6 14. Qc2 Qd6 15. g3 Bh3 16. Rfe1 Qf6 17. Bf1 Bxf1 18. Rxf1 Ne6 19. Qd1 Ng5 20. h4 Ne4 21. Nxe4 Rxe4 22. Kg2 Rae8 23. Qf3 Qg6 24. Rh1 R8e6 25. Rac1 h5 26. b4 Rg4 27. Be1 b5 28. a4 a6 29. axb5 axb5 30. Ra1 Rf6 31. Qe2 Kh7 32. Ra7 Bd6 33. Ra6 Bc7 34. Ra7 Bd6 35. Ra6 Bc7 1/2-1/2

[Event "Mauricie op"]
[Site "Trois-Rivieres CAN"]
[Date "2015.03.22"]
[Round "4"]
[White "Chiku-Ratte, Olivier-Kenta"]
[Black "Hebert, Jean"]
[Result "1-0"]
[WhiteElo "2278"]
[BlackElo "2450"]
[PlyCount "123"]
[GameId "2160767908959593"]
[EventDate "2015.03.20"]
[EventType "swiss"]
[EventRounds "5"]
[EventCountry "CAN"]

1. d4 Nf6 2. c4 e6 3. Nc3 Bb4 4. f3 c5 5. d5 b5 6. e4 bxc4 7. Bxc4 Bb7 8. Nge2 exd5 9. exd5 h6 10. O-O d6 11. Qa4+ Nbd7 12. Nb5 O-O 13. Nxd6 Nb6 14. Nxb7 Nxa4 15. Nxd8 Rfxd8 16. a3 Ba5 17. Bb5 Nb6 18. Be3 Rxd5 19. Bc6 Re5 20. Bxa8 Rxe3 21. Kf2 Rxe2+ 22. Kxe2 Nxa8 23. Rac1 Nc7 24. Rxc5 Bb6 25. Rc6 Kf8 26. b4 Nfd5 27. Rd1 Ke7 28. Rc4 a5 29. b5 Ke6 30. Rc6+ Ke7 31. g3 a4 32. Rd3 h5 33. Rc4 Kd6 34. Rxa4 Nxb5 35. Ra6 Kc7 36. a4 Nd4+ 37. Kd2 Bc5 38. Ra8 Ne7 39. Rf8 f6 40. Rc3 Ne6 41. Rh8 g6 42. Rh7 Kd6 43. Rd3+ Nd5 44. Rf7 Bb4+ 45. Ke2 Bc3 46. a5 Nc5 47. Rd1 Kc6 48. Rf8 f5 49. Rc8+ Nc7 50. a6 N5xa6 51. Rc1 Kd7 52. Rxc7+ Nxc7 53. Rxc3 Kd6 54. Kd3 f4 55. gxf4 Nd5 56. Rc4 Ke6 57. Ke4 Nf6+ 58. Ke3 Nd5+ 59. Kf2 h4 60. Re4+ Kf6 61. Kg2 Ne7 62. Rxe7 1-0